Plan de reordenamiento vial para el casco central en San Isidro de El General
Wedi'i Gadw mewn:
| Prif Awdur: | |
|---|---|
| Fformat: | Llyfr |
| Cyhoeddwyd: |
[San José, Costa Rica]
2007
|
| Pynciau: | |
| Tagiau: |
Ychwanegu Tag
Dim Tagiau, Byddwch y cyntaf i dagio'r cofnod hwn!
|
MARC
| LEADER | 00000nam a2200000Ia 4500 | ||
|---|---|---|---|
| 003 | 009930 | ||
| 005 | 20221231144108.0 | ||
| 008 | 140114s2007 cr a 000 ||s d | ||
| 040 | |c cru CEDI | ||
| 090 | |a TFG 5457 | ||
| 100 | |a Muñoz Jiménez, Sandra |9 4858 | ||
| 245 | |a Plan de reordenamiento vial para el casco central en San Isidro de El General | ||
| 260 | |c 2007 |b [San José, Costa Rica] | ||
| 300 | |a iv, 90, [107] hojas; ilustraciones a color, planos | ||
| 500 | |a Tesis (licenciatura en ingeniería civil)--Universidad de Costa Rica. Facultad de Ingeniería. Escuela de Ingeneiría Civil Título del material complementario tomado del envase. [Señalización vial para el casco central de San Isidro de el General] | ||
| 650 | |x SEGURIDAD VIAL |x INVESTIGACIONES |x REGLAMENTOS DEL TRANSITO |x SEÑALES DE TRANSITO |x SAN ISIDRO DE EL GENERAL (PEREZ ZELEDON, SAN JOSE, COSTA RICA) |9 4859 | ||
| 942 | |c TFG | ||
| 999 | |c 16818 |d 16818 | ||
